000 00428nam a22001457a 4500
003 OSt
005 20251021075343.0
008 251021b |||||||| |||| 00| 0 eng d
020 _a9780195738056
040 _cOXFORD UNIVERSITY PRESS
050 _aPL 8702 .W35 2012
245 _aMASKINI MILIONEA
_bNA HADITHI NYINGINE
_cWALIBORA KEN
260 _aNAIROBI KENYA
_bOXFORD UNIVERSITY PRESS EAST AFRICAN LTD
_c2012
942 _2lcc
_cBK
_n0
999 _c9653
_d9653